01179cam a2200325 i 45000010008000000030009000080050017000170080041000340200015000750400038000900820019001281000039001472450070001862640052002563000040003083360026003483370028003743380027004024900048004294900018004775040051004956500041005466500035005876500032006226530020006546550017006749420012006919990017007039520133007203183584EG-ScBUE20230619124219.0760331s1975 enka f b 001 0 eng d a0140218831 aDLCbengerdacDLCdDLCdEG-ScBUE04222a901.8bCHI1 aChisholm, Michael,d1931-eauthor.10aHuman geography :bevolution or revolution ? /cMichael Chisholm. 1aMiddlesex, England :bPenguin Books Ltd,c1975. a207 pages :billustrations ;c20 cm 2rdacontentatextbtxt 2rdamediaaunmediatedbn 2rdacarrieravolumebnc0 aPelican geography and environmental studies0 aPelican books aIncludes bibliographical references and index. 7aHuman geographyxMethodology.2BUEsh 7aGeographyxMethodology.2BUEsh 7aGeographyxResearch.2BUEsh bGGENcMarch2018 vReading book 2ddccBB c26324d26296 00102ddc40708Donation-GaMAINbMAINc2NDd2018-03-18eDonationl0o901.8 CHIp000047425r2025-07-15 00:00:00w2018-03-18yBB